000 01001nam a2200253 a 4500
001 000016117
005 20250129172122.0
008 100226s2005 dr ac r 000 0 spa d
020 _z9993432039
040 _aDO-SdBNP
_bspa
_cBNPHU
082 _a923.55
_bA277g
100 1 _aAgramonte, Carlos,
_d1954-
_9858
245 1 3 _aEl general Timoteo Ogando y la familia más heroica de las guerras independentistas dominicanas /
_cCarlos Agramonte.
260 _aSanto Domingo :
_bArgos,
_c2005.
300 _a215 p. :
_bil., retr. ;
_c23 cm.
500 _aIncluye datos biográficos del autor en la solapa de la cubierta
504 _aBibliografía : p. 213-215
590 _aInventariado, 2018/BT
600 1 4 _aOGANDO ENCARNACIÓN, TIMOTEO,
_d1818-1908
_936105
600 1 4 _aOGANDO ENCARNACIÓN (FAMILIA)
_xGENEALOGÍA
_936106
651 4 _aRepública Dominicana
_xGenealogía
_92157
651 0 _aRepública Dominicana --
_xHistoria --
_y1844-1930
_91009
910 _aValidado. Control de calidad. MMOLINA
999 _c15657
_d15657